000 01321nam a2200241Ia 4500
003 Ost
005 20260416102351.0
008 260416s9999||||xx |||||||||||||| ||und||
040 _cfsecg
041 _aara
082 _a332.4
100 _aغريبي، أحمد
_eمؤلف
245 0 _aمحاضرات في النظريات والسياسات النقدية والمالية /
_c أحمد غريبي
260 _aالجزائر
_bجامعة الجزائر3: كلية العلوم الإقتصادية، العلوم التجارية وعلوم التسيير
_c2016
300 _a160 ورقة
_bايضاحات
_c30 سم
504 _aمراجع ص.156
520 _aالتعريف الاحصائي للنقود، الطلب على النقود في المدارس الاقتصادية، الاطار النظري للسياسة النقدية، السياسات المالية، السلطة النقدية والمعلومات اللازمة لوضع سياسة نقدية، الأزمات المالية
653 _aالازمات الاقتصادية
653 _aالسياسة المالية
653 _aالنقود
710 _aجامعة الجزائر3: كلية العلوم الإقتصادية، العلوم التجارية وعلوم التسيير
_eناشر علمي
942 _cHANDOUT
999 _c40997
_d40997